International organization: politics and process

Saved in:
Bibliographic Details
Main Authors: Goodrich, Leland M (Author), Kay, David A (Author)
Format: Book
Language:English
Published: Madison University of Wisconsin 1973
Subjects:
Tags: Add Tag
No Tags, Be the first to tag this record!

MARC

LEADER 00000nam a2200000 a 4500
001 UCO7651
003 CL-VaPUC
008 001117e19730000US |||||||||||||||||eng|d
082 0 4 |a 341.23  |b GOO  |2 21 
100 |a Goodrich, Leland M  |e author  |9 452279 
700 0 |a Kay, David A  |e author  |9 452280 
245 1 0 |a International organization: politics and process 
300 |a 465 p 
942 |c BK 
945 |d 20001117 00:00:00  |a crobeson 
260 |a Madison  |b University of Wisconsin  |c 1973 
500 |a Donación del profesor Manfred Wilhelmy von Wolff 
600 0 7 |a NACIONES UNIDAS  |2 CL-VaPUC  |9 255446 
650 0 |a Organizaciones internacionales  |9 329196 
650 0 |a Política internacional  |9 255813 
650 0 |a Diplomacia  |9 256483 
650 7 |a PAZ MUNDIAL  |2 CL-VaPUC  |9 452281 
650 0 |a Seguridad internacional  |9 256547 
650 0 |a Desarrollo económico y social   |9 256320 
650 0 |a Descolonización   |9 318067 
650 0 |a Ciencia y tecnología  |9 260585 
583 |a last modification  |c 20001117 00:00:00  |k Rodrigo Vera 
999 |c 292537  |d 292535 
952 |0 0  |1 0  |4 0  |6 341_230000000000000_GOO_1973  |7 0  |8 A  |9 343459  |a BIBHIS  |b BIBHIS  |d 2019-11-20  |i 1229303  |o 341.23 GOO 1973  |p 1229303  |r 2025-01-20  |w 2019-11-20  |y BK  |k HIS